000 01207nam a2200313 i 4500
003 EG-GICUC
005 20260420110037.0
008 260420s1929 fr adaafr|||| 000 0 fre d
040 _aEG-GiCUC
_bfre
_cEG-GiCUC
_dEG-GiCUC
_eRda
041 _afre
082 0 4 _221
_a343.766
_bMO . L
092 0 4 _221
099 _aLAW1 10 343.766 MO . L 1 ed - 1929
100 1 _aMossé . Armand
_eAuteur
245 1 0 _aLes Prisons Et Les Institutions D'éducation Corrective/
_cArmand Mossé.
250 _a(Nouvelle édition revue et corrigée.)
264 _aPARIS :
_bLIBRAIRIE DU RECUEIL SIREY,
_c1929.
300 _a456 page ;
_c 24 cm.
336 _2rda contenu
_a texte
337 _2rda medias
_aOrdinateur
338 _2 transporteur rda
_a Ressource en ligne
504 _a Doctrur En Droft, Inspecteur General Des Servicer Administratifs AU Ministarr De L'intérieur Charge De Conférencer A L'instppup De Criminolog Prés La Faculte De Droit De Paris.
546 _aTexte en français
650 1 4 _aLes Prisons Et Les Institutions D'éducation Corrective.
_2qrmak
651 1 _2qrmak
856 4 0 _uhttps://fll.law.cu.edu.eg/fulltext/bks/B10-10379.pdf
905 _a171
942 _2ddc
_cBK
_e21
_n0
999 _c72079
_d72079